Trh štatutárneho auditu SVZ je koncentrovaný
Analýza zistení Úradu pre dohľad nad vykonaním auditu za rok 2020. Na monitorovanie využíva aj údaje zo správ o transparentnosti.
Gespeichert in:
| 1. Verfasser: | |
|---|---|
| Weitere Verfasser: | |
| Format: | Buchkapitel |
| Sprache: | Slowakisch |
| Schlagworte: | |
| Tags: |
Keine Tags, Fügen Sie das erste Tag hinzu!
|
MARC
| LEADER | 00000naa a2200000 4500 | ||
|---|---|---|---|
| 001 | 0279306 | ||
| 005 | 20240502074333.3 | ||
| 041 | 0 | |a slo | |
| 044 | |a SK | ||
| 245 | 1 | 0 | |a Trh štatutárneho auditu SVZ je koncentrovaný |c Mária Trúchliková, Milan Gedeon |
| 520 | |a Analýza zistení Úradu pre dohľad nad vykonaním auditu za rok 2020. Na monitorovanie využíva aj údaje zo správ o transparentnosti. | ||
| 610 | 2 | 0 | |a audit |
| 610 | 2 | 0 | |a závierka účtovná |
| 610 | 2 | 0 | |a kontrola |
| 610 | 2 | 0 | |a správa verejná |
| 100 | 1 | |a Trúchliková, Mária, 1991- | |
| 700 | 1 | |a Gedeon, Milan, 1993- | |